00334nam a2200133Ia 4500008004100000020001800041041000800059082001500067100002900082245002900111260003300140300000800173999001900181230822s1980 xx 000 0 und d a0-673-38323-7 aeng a330.9173'2 aMILLS.E.S.,HAMILTON.B.W. aURBAN ECONOMICS IVTH ED. bSCIENTIFIC BOOK AGENCYc1980 a461 c861839d861839